| 000 | 01003nam a2200229Ii 4500 | ||
|---|---|---|---|
| 003 | JO-AjNU | ||
| 008 | 230605s9999||||xx |||||||||||||| ||und|| | ||
| 017 | _a2021/8/4851 | ||
| 020 | _a978-9957-22-844-6 | ||
| 040 |
_aJO-AjNU _bara _erda _cJO-AjNU |
||
| 041 | _aara | ||
| 050 | 1 | 4 | _aPJ652.2022 |
| 100 | 3 |
_aتأليف محمد، فيصل مالك أبكر, _eauthor _962991 |
|
| 245 | 0 | 0 | _aتقنيات السرد الروائي: رواية موسم الهجرة الى الشمال انموذجا |
| 250 | _aالطبعة الاولى | ||
| 264 | 3 | 1 | _aعمان: دار اسامة للنشر والتوزيع،نبلاء ناشرون وموزعون، 2022 |
| 300 |
_a216ص _bيحتوي على مراجع من ص211-216ص |
||
| 336 |
_atext _btxt _2rdacontent |
||
| 337 |
_aunmediated _bn _2rdamedia |
||
| 338 |
_avolume _bnc _2rdacarrier |
||
| 650 | 4 |
_aالنقد الادبي-التحليل الادبي-الروايات العربية-الدراسات الادبية-الادب العربي _962992 |
|
| 999 |
_aA28550 _c32118 _d32118 |
||